Del leopardo de la nieve a Mayakovski /
-д хадгалсан:
| Үндсэн зохиолч: | |
|---|---|
| Бусад зохиолчид: | , |
| Формат: | Цахим Цахим ном |
| Хэл сонгох: | испани хятад |
| Хэвлэсэн: |
Santiago de Chile :
ÆREA : RiL editores,
[2018]
|
| Цуврал: | ÆREA. Ensamble ;
01/18. |
| Нөхцлүүд: | |
| Онлайн хандалт: | Digitalia Hispánica |
| Шошгууд: |
Шошго нэмэх
Шошго байхгүй, Энэхүү баримтыг шошголох эхний хүн болох!
|
MARC
| LEADER | 00000nam a2200000 i 4500 | ||
|---|---|---|---|
| 001 | DIGRILEDIT0842 | ||
| 003 | NyNyDIG | ||
| 008 | 221005s2018 cl o 000 p spa d | ||
| 006 | m o d | ||
| 007 | cr ||||||||||| | ||
| 035 | |a (OCoLC)1100031911 | ||
| 040 | |a DGITA |b eng |e rda |e pn |c DGITA | ||
| 020 | |z 9789560105493 | ||
| 041 | 0 | |a spa |a chi | |
| 050 | 1 | 4 | |a PL2942.3.D56 ebook |
| 082 | 0 | 4 | |a 895.11 |
| 100 | 1 | |a Jidimajia, |d 1961- |e author. | |
| 245 | 1 | 0 | |a Del leopardo de la nieve a Mayakovski / |c Jidi Majia ; traducción Adriana y Eduardo Espina ; prólogo Eduardo Espina. |
| 264 | 1 | |a Santiago de Chile : |b ÆREA : |b RiL editores, |c [2018] | |
| 300 | |a 1 online resource. | ||
| 336 | |a text |b txt |2 rdacontent | ||
| 337 | |a computer |b c |2 rdamedia | ||
| 338 | |a online resource |b cr |2 rdacarrier | ||
| 347 | |a text file |2 rdaft | ||
| 347 | |b PDF | ||
| 490 | 1 | |a ÆREA. Ensamble ; |v 01/18 | |
| 546 | |a Texts in Spanish and Chinese. | ||
| 588 | 0 | |a Online resource; title from PDF title page (Digitalia, viewed October 5, 2022) | |
| 655 | 7 | |a Poetry. |2 lcgft | |
| 700 | 1 | |a Espina, Eduardo, |e translator. | |
| 700 | 1 | |a Espina, Adriana, |e translator. | |
| 776 | 0 | 8 | |i Print version: |a Jidimajia, 1961- |t Del leopardo de la nieve a Mayakovski. |b Edición bilingüe. |d Santiago de Chile : RiL editores : ÆREA : RiL editores, [2018] |z 9789560105493 |
| 791 | 2 | |a Digitalia (Firm), |e distributor. | |
| 793 | 0 | |g Digitalia eBook Collection: |a Ril Editores | |
| 830 | 0 | |a ÆREA. |p Ensamble ; |v 01/18. | |
| 856 | 4 | 0 | |3 Digitalia Hispánica |u https://digitalia.unach.elogim.com/a/65334/ |
| 910 | |a Premium collection: 2022 | ||